000 02193nam a2200349 i 4500
001 193345
003 SpMaBN
005 20250720063104.0
007 ta
008 231103e2023 sp | |||| 000 spa
017 _aM 14499-2023
_bOficina Depósito Legal Madrid
020 _a9788419809186
035 _aa7313912
040 _aSpMaBN
_bspa
_cSpMaBN
_erda
_dEs-MaACL
100 1 _aPérez Henares, Antonio,
_d1953-
_eaut
_9138463
245 1 3 _aEl río de la lamia /
_cAntonio Pérez Henares.
264 1 _aMadrid :
_bHarperCollins Ibérica,
_c[2023]
300 _a301 páginas ;
_c19 cm
336 _aTexto
_2rdacontent
337 _asin mediación
_2rdamedia
338 _avolumen
_2rdacarrier
490 1 _aHistórica ;
_v106
520 _aConocía todas las pieles que rozaron la superficie de sus aguas. Una obra que conjuga lo mejor del género histórico, del relato fantástico y de la leyenda popular. El río de la lamia entreteje siete historias que acaban por confluir: cazadores foramontanos y agricultores neolíticos, guerreros y ermitaños, prófugos de la guerra de Cuba y buscadores de tesoros, una curandera perseguida por la Inquisición o un misterioso lobo de tres patas. La emoción del relato, su sobrecogedora descripción de los paisajes naturales y su habilidad para hilvanar diferentes hilos narrativos hacen de El río de la lamia una novela singular y extraordinaria, por la que fluye a borbotones la pasión de crear personajes e imaginar vidas. Es, además, en palabras del propio autor, la piedra angular de lo que iba a ser el cogollo y el meollo de su obra, pues en ella aparecen los escenarios, los personajes, las sendas narrativas y las voces de sus futuras novelas.
655 4 _aNovelas históricas
_2tgfbne
_9226782
830 0 _aHistórica (HarperCollins Ibérica) ;
_9234491
_v106
852 _aES-MaACL
_bR.154740
_cDEPOJ
_gDedicatoria autógrafa del autor
_hDonación: Antonio Pérez Henares
_jN-9570
_9200791
903 _aPérez Henares, Antonio,
_d1953-
_ednr
_9138463
942 _n0
_cMONOGRAFIA
999 _c193345
_d193345